000 00539nam a2200193 a 4500
001 3446072
005 20240208062359.0
008 911002s1990 ii af b 001 0 eng
020 _a0670831026 (U.S.) :
040 _aDLC
_cDLC
_dDLC
082 _222
_a306.88.
_bSAT.
100 0 _aSakuntala Narasimhan,
245 1 0 _aSati, a study of widow burning in India /
_cSakuntala Narasimhan.
260 _aNew Delhi, India ;
_aNew York, U.S.A. :
_bViking,
_c1990.
300 _a202 p.,
500 _aIncludes index.
650 0 _aSati.
942 _cL
999 _c354
_d354